000 01476nam2a22002651 4500
001 RU\NLR\INFOCOMM15\5000242135
005 20250617022318.0
035 _a(NLR Aleph) 002375996
090 _a4586701
_c4586701
100 _a20041209d1988 |||y0rusy50 ca
101 0 _arus
102 _aRU
105 _ay ||||000|y
200 1 _aОпыт прогноза выбросоопасности углей и вмещающих пород по геофизическим данным геолого-разведочных скважин
_fВ.Г. Суровцев, Б.Г. Суровцев
210 _d1988
_aБ. м.
461 0 _1001RU\NLR\INFOCOMM15\5000241907
_12001#$aТехника безопасности и охрана труда$eОбзоры по основным направлениям развития отрасли$fЦНИИ экономики и НТИ угол. пром-сти (ЦНИЭИ уголь)$v1988, Вып.8
_94586220
_cМ.
_d1982-
_fЦНИИ экономики и НТИ угол. пром-сти (ЦНИЭИ уголь)
_oОбзоры по основным направлениям развития отрасли
_tТехника безопасности и охрана труда
_v1988, Вып.8
700 1 _aСуровцев
_bВ.Г.
_4070
701 1 _aСуровцев
_bБ.Г.
_4070
801 1 _aRU
_bInfoComm
_c20041209
801 0 _aRU
_bNLR
_gPSBO
852 _aNLR
_jП10/5944
942 _cISSUE
980 _aNB
980 _aRUSPER